Города Волгоградской области - Statistics

General Stats
  • This quiz has been taken 85 times
  • The average score is 9 of 19
Answer Stats
Население Город % Correct
1 018 898 Волгоград
96%
321 479 Волжский
91%
107 927 Камышин
80%
36 669 Урюпинск
64%
56 031 Михайловка
55%
35 661 Фролово
53%
24 277 Калач-на-Дону
45%
21 028 Котово
45%
18 227 Суровикино
42%
16 545 Краснослободск
42%
14 966 Палласовка
42%
8633 Серафимович
42%
14 779 Дубовка
40%
12 526 Петров Вал
38%
15 555 Жирновск
35%
13 391 Ленинск
35%
22 016 Котельниково
29%
13 460 Николаевск
27%
15 351 Новоаннинский
25%
No matching quizzes found
Score Distribution
Percent of People with Each Score
Percentile by Number Answered
Your Score History
You have not taken this quiz